| 000 | nam a22 7a 4500 | ||
|---|---|---|---|
| 999 |
_c103517 _d103517 |
||
| 005 | 20200121122348.0 | ||
| 008 | 200121b mx ||||| |||| 00| 0 spa d | ||
| 020 | _a968810700X | ||
| 050 | 0 | 4 |
_aKG574 _bD47 2005 |
| 245 | 0 | 3 |
_aLos Derechos económicos, sociales y culturales _c / coordinador de la edición Juan Carlos Gutiérrez Contreras |
| 250 | _a1a ed. | ||
| 260 |
_aMéxico : _bSecretaria de Relaciones Exteriores. Programa de Cooperación sobre Derechos Humanos, México-Comisión Europea, _c2005 |
||
| 300 |
_a557 p. ; _c23 cm. |
||
| 611 | 2 | 4 |
_aSeminario Internacional sobre Derechos Económicos, sociales y Culturales _vMemorias |
| 650 | 7 |
_2lemb _aDerechos civiles _zAmérica latina _vCongresos |
|
| 650 | 7 |
_2lemb _aDerechos humanos _zAmérica latina _vCongresos |
|
| 700 | 1 |
_aGutiérrez Contreras, Juan Carlos _eeditor |
|
| 942 |
_2lcc _cLIB |
||